Shopping centre development hits 50-year low (Record no. 83904)
[ view plain ]
| 000 -LEADER | |
|---|---|
| fixed length control field | 01017cab a22001935a 4500 |
| 001 - CONTROL NUMBER | |
| control field | L155714 |
| 008 - FIXED-LENGTH DATA ELEMENTS--GENERAL INFORMATION | |
| fixed length control field | 120410e2012 xxk 000 0 eng d |
| 035 ## - SYSTEM CONTROL NUMBER | |
| System control number | (Sirsi) u155714 |
| 041 0# - LANGUAGE CODE | |
| Language code of text/sound track or separate title | eng |
| 110 2# - MAIN ENTRY--CORPORATE NAME | |
| Corporate name or jurisdiction name as entry element | Property Week |
| 9 (RLIN) | 1549 |
| 245 00 - TITLE STATEMENT | |
| Title | Shopping centre development hits 50-year low |
| 260 ## - PUBLICATION, DISTRIBUTION, ETC. | |
| Date of publication, distribution, etc. | 2012 |
| 490 ## - SERIES STATEMENT | |
| Series statement | Property Week |
| Volume/sequential designation | 78(13) 30 March 2012, 36(1) |
| 520 ## - SUMMARY, ETC. | |
| Summary, etc. | Cushman & Wakefield has forecast only 340 000 sq ft of shopping centre completions in 2012, the lowest annual total since the 1960s. The Swan Shopping Centre in Yardley is the only new scheme in the 2012 pipeline. Nine extensions are on-stream for the year. The 2013 pipeline is forecast at 1.83m sq ft with Trinity Leeds (817 000 sq ft) by far the largest site. New shopping centre space in 2011 was 14% up on 2010. Tables show shopping centre growth in the UK 1991-2013; large schemes in the pipeline, top five UK centre by size. |
| 590 ## - LOCAL NOTE (RLIN) | |
| Local note | KA |
| 651 #4 - SUBJECT ADDED ENTRY--GEOGRAPHIC NAME | |
| Geographic name | United Kingdom |
| 690 ## - LOCAL SUBJECT ADDED ENTRY--TOPICAL TERM (OCLC, RLIN) | |
| Topical term or geographic name as entry element | Commercial property |
| 9 (RLIN) | 6227 |
| 942 ## - ADDED ENTRY ELEMENTS (KOHA) | |
| Suppress in OPAC | 0 |
| Withdrawn status | Lost status | Source of classification or shelving scheme | Damaged status | Not for loan | Home library | Current library | Shelving location | Date acquired | Total Checkouts | Full call number | Barcode | Date last seen | Price effective from | Koha item type |
|---|---|---|---|---|---|---|---|---|---|---|---|---|---|---|
| Dewey Decimal Classification | London | London | Journal article | 09/04/2012 | L155714 | 155714-1001 | 06/08/2019 | 06/08/2019 | Journal |